000 00277nam a2200109Ia 4500
008 190216s9999||||xx |||||||||||||| ||und||
100 _aHenry N Andrews
245 0 _aImmunological Tolerance To Self And Non Self
260 _bBhasha Institute
650 _aEnglish
942 _cBK
999 _c13109
_d13109